000 00508nam a22002171c 4500
001 a987674796
008 151112s1920 gw |||| 000u ger d
041 _ager
100 1 _aSpengler, Oswald
245 0 0 _aPreussentum und Sozialismus
264 _aMünchen :
_bBeck,
_c1920
300 _a99 S.
650 0 _aKulturmorphologie
650 0 _aSozialismus
650 0 _aPolitische Ethik
650 0 _aNovemberrevolution
650 0 _a
942 _cMG
040 _cRU-10907106
003 RU-10907106
999 _c28301
_d28301